Countries with ongoing occupations - Statistics

General Stats
  • This quiz has been taken 101 times
  • The average score is 7 of 10
Answer Stats
Starting date: Country: % Correct
2014 Ukraine
97%
1967 Palestine
92%
1967 Syria
77%
2015 Syria
77%
2008 Georgia
73%
1992 Armenia
58%
1974 Cyprus
57%
1992 Azerbaijan
54%
1992 Moldova
44%
1975 Western Sahara
38%
No matching quizzes found
Score Distribution
Percent of People with Each Score
Percentile by Number Answered
Your Score History
You have not taken this quiz